Geografia Rosji - Statystyki

Ogólne statystyki
  • Ten quiz został rozwiązany 5 632 razy
  • Średni wynik to 13 z 20
Statystyki odpowiedzi
Pytanie Odpowiedź % Poprawnych
Co jest stolicą Rosji? Moskwa
100%
Co było kiedyś stolicą Rosji i obecnie jest drugim największym miastem? Petersburg
96%
Jakie dwa pasma górskie oddzielają Europę od Azji? Ural
81%
Jaka jest najdłuższa rzeka europejskiej części Rosji? Wołga
79%
Jak nazywa się kraina pokrywająca duże połacie północnej i wschodniej Rosji? Syberia
78%
Jakie jest najgłębsze jezioro świata? Bajkał
77%
Jak to miasto nazywało się w czasach ZSRR? Leningrad
77%
Jaka część Rosji odebrana Niemcom nie jest połączona lądem z resztą kraju? Obwód Królewiecki
74%
Nad jakim morzem położone jest miasto Soczi? Morze Czarne
66%
Jaka cieśnina oddziela Rosję od Alaski? Cieśnina Beringa
61%
Z jakim krajem Rosja dzieli Karelię? Finlandia
61%
Jakie dwa pasma górskie oddzielają Europę od Azji? Kaukaz
60%
Nazwij jedną z czterech azjatyckich rzek Rosji, która jest dłuższa od powyższej Ob, Amur, Lena lub Jenisej
58%
Który półwysep z 29 aktywnymi wulkanami znajduje się daleko na północnym wschodzie Rosji? Kamczatka
52%
Jakie zwierzę wyginęło na Wyspie Wrangla około 2000 p.n.e? Mamut włochaty
52%
Jakie rosyjskie miasto znajduje się blisko granicy z Koreą Północną? Władywostok
52%
Nad jaką rzeką leży miasto Rostów? Don
49%
Jaki oprócz rosyjskiego język jest często używany w Kazaniu?(Wskazówka: zaczyna się na T) Tatarski
47%
Jaka jest najwyższy szczyt Rosji?(Wskazówka: leży na południu kraju) Elbrus
38%
Do jakiej największej rosyjskiej wyspy wysunęła roszczenia Japonia? Sachalin
33%
Nie znaleziono quizów pasujących do podanych kryteriów
Rozkład punktacji
Procent ludzi z każdym wynikiem
Percentyl według liczby udzielonych odpowiedzi
Twoja historia wyników
Nie rozwiązałeś tego quizu